000 00512nam a2200181Ia 4500
008 151018s9999 xx 000 0 und d
082 _bRBASDV40684
_a891.463
100 _aशिरीष पै
245 _aभवसागर
250 _b1
260 _bमनोरमा प्रकाशन मुंबई
_c2006
300 _a176
600 _aशिरीष पै
630 _aभवसागर
700 _aशिरीष पै
730 _aभवसागर
942 _cBOOK
999 _c1039958
_d1039955